000 00785nam a22002297a 4500
005 20240530110355.0
008 150106s2009 ua d f b 000 0 ara d
017 _a2008/11307
_bمصر . دار الكتب المصرية
020 _a9773831434
040 _aEG-CaGPL
041 0 _aara
082 0 4 _221
_a658.4056\
_bج س
100 0 _aجمال حواش
245 1 0 _aسيناريو الازمات و الكوارث :
_bتطبيقات عملية /
_cجمال حواش
260 _aالقاهرة :
_bمكتبة ايتراك ،
_c2009
300 _a250 ص :
_bجداول ،
_c24 سم
650 0 4 _aادارة الازمات
650 0 4 _aالكوارث
_xادارة
650 0 4 _aالسيول
_xادارة
942 _2ddc
_cBK
999 _c60151
_d60151